[Event "Muensterland Verbandsliga Gr1 2223"]
[Site "Germany"]
[Date "2023.01.21"]
[Round "4.7"]
[White "Schemmann, Bernhard"]
[Black "Huesmann, Stephan"]
[Result "1/2-1/2"]
[WhiteElo "1837"]
[BlackElo "1641"]
[PlyCount "90"]
[EventDate "2022.09.10"]
[EventType "team-tourn"]
[EventRounds "5"]
[EventCountry "GER"]
[SourceTitle "EXT 2024"]
[Source "ChessBase"]
[SourceDate "2023.10.10"]
[SourceVersion "1"]
[SourceVersionDate "2023.10.10"]
[SourceQuality "1"]
[WhiteTeam "Beelen"]
[BlackTeam "Rheine Klein Berlin II"]
[WhiteTeamCountry "GER"]
[BlackTeamCountry "GER"]

1. d4 f5 2. Nf3 Nf6 3. g3 d6 4. Bg2 g6 5. 0-0 Bg7 6. b3 0-0 7. Bb2 c6 8. c4 a5 9. a3 Na6 10. Nbd2 Nc7 11. Qc2 Qe8 12. e4 fxe4 13. Nxe4 Nxe4 14. Qxe4 Bf5 15. Qe2 Bg4 16. h3 Bxf3 17. Bxf3 Qf7 18. Bg2 h6 19. f4 e6 20. Rae1 d5 21. h4 dxc4 22. bxc4 Rad8 23. Qd2 Rd7 24. Qxa5 Bxd4+ 25. Bxd4 Rxd4 26. Qb6 Rxc4 27. Qxb7 Nd5 28. Qxf7+ Kxf7 29. Rc1 Ra4 30. Rxc6 Rxa3 31. f5 Rxg3 32. fxg6+ Ke7 33. Rxf8 Kxf8 34. Kh2 Re3 35. Rc8+ Kg7 36. Bxd5 exd5 37. Rd8 Re5 38. Rd6 h5 39. Kg3 Re3+ 40. Kf4 Re4+ 41. Kf5 Rxh4 42. Kg5 Rg4+ 43. Kxh5 Re4 44. Rd7+ Kg8 45. Rxd5 Re1 1/2-1/2

[Event "Muensterland Verbandsklasse 1920"]
[Site "Germany"]
[Date "2020.02.15"]
[Round "6.6"]
[White "Wigger, Niklas"]
[Black "Huesmann, Stephan"]
[Result "1-0"]
[WhiteElo "1819"]
[BlackElo "1640"]
[PlyCount "45"]
[EventDate "2019.09.14"]
[EventType "team-tourn"]
[EventRounds "7"]
[EventCountry "GER"]
[SourceTitle "EXT 2023"]
[Source "ChessBase"]
[SourceDate "2022.10.05"]
[SourceVersion "1"]
[SourceVersionDate "2022.10.05"]
[SourceQuality "1"]
[WhiteTeam "Heiden"]
[BlackTeam "Rheine Klein Berlin II"]
[WhiteTeamCountry "GER"]
[BlackTeamCountry "GER"]

1. e4 e6 2. d4 d5 3. Nd2 Nf6 4. e5 Nfd7 5. Bd3 c5 6. c3 Nc6 7. Ngf3 cxd4 8. cxd4 f6 9. Ng5 Ndxe5 10. dxe5 Nxe5 11. Bb5+ Nc6 12. Ngf3 Bd7 13. 0-0 a6 14. Ba4 b5 15. Bb3 g5 16. Nxg5 fxg5 17. Qh5+ Ke7 18. Ne4 Be8 19. Bxg5+ Kd7 20. Qh3 Be7 21. Nc5+ Bxc5 22. Bxd8 Rxd8 23. Bxd5 1-0

[Event "Muensterland Verbandsklasse 1718"]
[Site "Germany"]
[Date "2018.04.07"]
[Round "8.4"]
[White "Fehlings, Gerd"]
[Black "Huesmann, Stephan"]
[Result "1/2-1/2"]
[WhiteElo "1754"]
[BlackElo "1706"]
[PlyCount "40"]
[EventDate "2017.09.16"]
[EventType "team-tourn"]
[EventRounds "9"]
[EventCountry "GER"]
[SourceTitle "EXT 2019"]
[Source "ChessBase"]
[SourceDate "2018.10.10"]
[SourceVersion "1"]
[SourceVersionDate "2018.10.10"]
[SourceQuality "1"]
[WhiteTeam "Emsdetten Rochade III"]
[BlackTeam "Rheine Klein Berlin II"]
[WhiteTeamCountry "GER"]
[BlackTeamCountry "GER"]

1. Nf3 f5 2. d4 Nf6 3. g3 d6 4. Bg2 c6 5. 0-0 g6 6. c4 Bg7 7. Qc2 Na6 8. Nc3 0-0 9. a3 Qe8 10. e4 Nh5 11. exf5 Bxf5 12. Qb3 Qd7 13. Be3 Rf7 14. Rad1 Bg4 15. c5 e6 16. Ng5 Bxd1 17. Rxd1 Re7 18. cxd6 Qxd6 19. Bh3 Rae8 20. Nge4 Qc7 1/2-1/2

[Event "Muensterland Verbandsklasse 1718"]
[Site "Germany"]
[Date "2018.03.10"]
[Round "7.4"]
[White "Albers, Thomas"]
[Black "Huesmann, Stephan"]
[Result "0-1"]
[WhiteElo "1763"]
[BlackElo "1706"]
[PlyCount "89"]
[EventDate "2017.09.16"]
[EventType "team-tourn"]
[EventRounds "9"]
[EventCountry "GER"]
[SourceTitle "EXT 2019"]
[Source "ChessBase"]
[SourceDate "2018.10.10"]
[SourceVersion "1"]
[SourceVersionDate "2018.10.10"]
[SourceQuality "1"]
[WhiteTeam "Suedlohn II"]
[BlackTeam "Rheine Klein Berlin II"]
[WhiteTeamCountry "GER"]
[BlackTeamCountry "GER"]

1. d4 Nf6 2. Nf3 g6 3. Bf4 Bg7 4. e3 0-0 5. Bd3 d6 6. h3 Nd5 7. Bg5 c6 8. 0-0 Qc7 9. c3 f5 10. e4 fxe4 11. Bxe4 Nf4 12. Bxf4 Rxf4 13. Qe2 d5 14. Bd3 c5 15. dxc5 e5 16. Bc2 Nc6 17. Nbd2 Qe7 18. Nb3 e4 19. Nfd4 Bxh3 20. Qe3 Qg5 21. Qxh3 Rh4 22. Qe6+ Kh8 23. f4 Qg3 24. Nf3 exf3 25. Rxf3 Qh2+ 26. Kf2 Rf8 27. Nd2 Rhxf4 28. Qh3 Qxh3 29. gxh3 Rxf3+ 30. Nxf3 Ne5 31. Bd1 Nd3+ 32. Kg2 Nxb2 33. Rb1 Bxc3 34. Bb3 d4 35. Bd5 d3 36. Bxb7 Nc4 37. Rc1 Ne3+ 38. Kg3 d2 39. Nxd2 Bxd2 40. Rb1 Nf5+ 41. Kg2 Rf7 42. c6 Ba5 43. Rb2 Nd6 44. a4 Kg7 45. Ba8 0-1

[Event "Muensterland Verbandsklasse 1718"]
[Site "Germany"]
[Date "2018.02.17"]
[Round "6.6"]
[White "Huesmann, Stephan"]
[Black "Groemping, Franz Josef"]
[Result "0-1"]
[WhiteElo "1706"]
[BlackElo "1633"]
[PlyCount "75"]
[EventDate "2017.09.16"]
[EventType "team-tourn"]
[EventRounds "9"]
[EventCountry "GER"]
[SourceTitle "EXT 2019"]
[Source "ChessBase"]
[SourceDate "2018.10.10"]
[SourceVersion "1"]
[SourceVersionDate "2018.10.10"]
[SourceQuality "1"]
[WhiteTeam "Rheine Klein Berlin II"]
[BlackTeam "Raesfeld Erle II"]
[WhiteTeamCountry "GER"]
[BlackTeamCountry "GER"]

1. e4 e6 2. d4 d5 3. Nd2 Nf6 4. e5 Nfd7 5. Ndf3 c5 6. c3 Nc6 7. Ne2 Qb6 8. g3 cxd4 9. cxd4 Bb4+ 10. Nc3 0-0 11. Bd3 f6 12. exf6 Nxf6 13. 0-0 Bd7 14. Re1 Rae8 15. Kg2 Re7 16. Bf4 Ne8 17. Na4 Qd8 18. Qc2 h6 19. Bh7+ Kh8 20. Nh4 Nxd4 21. Qd3 Nf5 22. Bxf5 Rxf5 23. Ng6+ Kg8 24. Nxe7+ Qxe7 25. Nc3 Qf6 26. Rac1 Bc6 27. Kg1 g5 28. Be3 Nd6 29. Bxa7 Ne4 30. Re2 Rf3 31. Qd4 Bxc3 32. bxc3 e5 33. Qb6 Nxc3 34. Rec2 d4 35. Rf1 Rd3 36. f3 Rxf3 37. Rcf2 Ne2+ 38. Kh1 0-1

[Event "Muensterland Verbandsklasse 1718"]
[Site "Germany"]
[Date "2018.01.27"]
[Round "5.5"]
[White "Huesmann, Stephan"]
[Black "Wiltschut, Arne"]
[Result "0-1"]
[WhiteElo "1706"]
[BlackElo "1785"]
[PlyCount "48"]
[EventDate "2017.09.16"]
[EventType "team-tourn"]
[EventRounds "9"]
[EventCountry "GER"]
[SourceTitle "EXT 2019"]
[Source "ChessBase"]
[SourceDate "2018.10.10"]
[SourceVersion "1"]
[SourceVersionDate "2018.10.10"]
[SourceQuality "1"]
[WhiteTeam "Rheine Klein Berlin II"]
[BlackTeam "Hiltrup"]
[WhiteTeamCountry "GER"]
[BlackTeamCountry "GER"]

1. e4 e6 2. f4 d5 3. e5 c5 4. d4 Nc6 5. Nf3 Bd7 6. c3 Qb6 7. Qb3 Qxb3 8. axb3 cxd4 9. cxd4 Nb4 10. Na3 Rc8 11. Bd2 a6 12. g4 Nh6 13. h3 Be7 14. Be2 f6 15. Kf2 0-0 16. exf6 gxf6 17. g5 fxg5 18. Rag1 Kh8 19. fxg5 Nf5 20. g6 Bh4+ 21. Kf1 Nc2 22. g7+ Nxg7 23. Bh6 Nf5 24. Bf4 Nfe3+ 0-1

[Event "Muensterland Verbandsklasse 1718"]
[Site "Germany"]
[Date "2017.10.14"]
[Round "2.5"]
[White "Stein, Michael"]
[Black "Huesmann, Stephan"]
[Result "1-0"]
[WhiteElo "1676"]
[BlackElo "1706"]
[PlyCount "41"]
[EventDate "2017.09.16"]
[EventType "team-tourn"]
[EventRounds "9"]
[EventCountry "GER"]
[SourceTitle "EXT 2019"]
[Source "ChessBase"]
[SourceDate "2018.10.10"]
[SourceVersion "1"]
[SourceVersionDate "2018.10.10"]
[SourceQuality "1"]
[WhiteTeam "Gescher"]
[BlackTeam "Rheine Klein Berlin II"]
[WhiteTeamCountry "GER"]
[BlackTeamCountry "GER"]

1. e4 e6 2. d3 c5 3. Nf3 Nc6 4. g3 Be7 5. Bg2 Bf6 6. c3 Qb6 7. 0-0 d6 8. Nbd2 Qc7 9. Re1 e5 10. Nf1 h6 11. Ne3 Nge7 12. a4 Be6 13. Nd2 h5 14. f4 g6 15. Rf1 Qc8 16. Ndc4 Kd7 17. fxe5 Bxe5 18. Nxe5+ Nxe5 19. d4 Ng4 20. d5 Bxd5 21. Nxd5 1-0

[Event "Muensterland Verbandsklasse 1617"]
[Site "Germany"]
[Date "2017.03.04"]
[Round "7.5"]
[White "Carstensen, Jens"]
[Black "Huesmann, Stephan"]
[Result "0-1"]
[WhiteElo "1693"]
[BlackElo "1692"]
[PlyCount "66"]
[EventDate "2016.09.24"]
[EventType "team"]
[EventRounds "9"]
[EventCountry "GER"]
[SourceTitle "EXT 2018"]
[Source "ChessBase"]
[SourceDate "2017.10.13"]
[SourceVersion "1"]
[SourceVersionDate "2017.10.13"]
[SourceQuality "1"]
[WhiteTeam "Neuenkirchen II"]
[BlackTeam "Rheine Klein Berlin II"]
[WhiteTeamCountry "GER"]
[BlackTeamCountry "GER"]

1. d4 d5 2. Nf3 c5 3. e3 Nc6 4. c3 Bd7 5. dxc5 e6 6. b4 Nf6 7. Bb2 b6 8. cxb6 Qxb6 9. a3 Rc8 10. Be2 Bd6 11. 0-0 Bb8 12. Nbd2 Ng4 13. g3 h5 14. h4 Bxg3 15. fxg3 Nxe3 16. Qe1 Nd1+ 17. Kh2 Nxb2 18. Qb1 Na4 19. Qd3 Ne7 20. c4 Qa6 21. Ne5 f6 22. Ng6 Nxg6 23. Qxg6+ Kf8 24. Bxh5 Rxh5 25. Qxh5 Be8 26. Qg4 dxc4 27. Ne4 e5 28. Rad1 c3 29. Nd6 Rc7 30. Nxe8 Kxe8 31. Qg6+ Rf7 32. Rf2 Nb2 33. Rc1 Nd3 0-1

[Event "Muensterland Verbandsklasse 1617"]
[Site "Germany"]
[Date "2017.01.21"]
[Round "5.5"]
[White "Kamp, Adrian"]
[Black "Huesmann, Stephan"]
[Result "0-1"]
[WhiteElo "1692"]
[BlackElo "1692"]
[PlyCount "48"]
[EventDate "2016.09.24"]
[EventType "team"]
[EventRounds "9"]
[EventCountry "GER"]
[SourceTitle "EXT 2018"]
[Source "ChessBase"]
[SourceDate "2017.10.13"]
[SourceVersion "1"]
[SourceVersionDate "2017.10.13"]
[SourceQuality "1"]
[WhiteTeam "Muenster SK V"]
[BlackTeam "Rheine Klein Berlin II"]
[WhiteTeamCountry "GER"]
[BlackTeamCountry "GER"]

1. e4 e5 2. d4 exd4 3. Nf3 d6 4. Nxd4 Be7 5. Nc3 Nd7 6. Nf5 g6 7. Nxe7 Nxe7 8. Bg5 h6 9. Qd4 Rh7 10. Bxe7 Kxe7 11. Nd5+ Kf8 12. 0-0-0 Nc5 13. Nf6 Rg7 14. Qxc5 Qxf6 15. Qxc7 Qg5+ 16. Kb1 Kg8 17. Rxd6 Be6 18. Qxb7 Rc8 19. Bb5 f6 20. Qa6 Qxg2 21. Rhd1 Qg4 22. Bd7 Bxd7 23. Rxd7 Rc7 24. Rxc7 Qxd1# 0-1

[Event "Muensterland Verbandsklasse 1617"]
[Site "Germany"]
[Date "2016.09.24"]
[Round "1.5"]
[White "Huesmann, Stephan"]
[Black "Ter Veen, Michael"]
[Result "0-1"]
[WhiteElo "1692"]
[BlackElo "1730"]
[PlyCount "102"]
[EventDate "2016.09.24"]
[EventType "team"]
[EventRounds "9"]
[EventCountry "GER"]
[SourceTitle "EXT 2018"]
[Source "ChessBase"]
[SourceDate "2017.10.13"]
[SourceVersion "1"]
[SourceVersionDate "2017.10.13"]
[SourceQuality "1"]
[WhiteTeam "Rheine Klein Berlin II"]
[BlackTeam "Muenster Indische Dame"]
[WhiteTeamCountry "GER"]
[BlackTeamCountry "GER"]

1. e4 c5 2. Nf3 g6 3. Bc4 a6 4. a3 Bg7 5. 0-0 e6 6. Re1 Ne7 7. d3 Nbc6 8. Nbd2 0-0 9. Nf1 d5 10. exd5 exd5 11. Ba2 b5 12. Rb1 h6 13. h3 Nf5 14. Ne3 c4 15. c3 Nxe3 16. Bxe3 Bf5 17. Qd2 Kh7 18. Bc5 Rg8 19. Rbd1 Bxd3 20. Qf4 Qf6 21. Qxf6 Bxf6 22. Rxd3 cxd3 23. Bxd5 Rac8 24. Bxf7 Rg7 25. Bd5 Ne5 26. Be3 Nxf3+ 27. Bxf3 a5 28. Be4 Rd7 29. Bd2 b4 30. axb4 axb4 31. cxb4 Bxb2 32. b5 Bc3 33. Bxc3 Rxc3 34. b6 d2 35. Rd1 Rc1 36. Bf3 Rxd1+ 37. Bxd1 Rb7 38. Kf1 Rxb6 39. Ke2 Rd6 40. Bc2 h5 41. h4 Kg7 42. f3 Kf6 43. f4 Ke7 44. Kd1 Kf6 45. Ke2 Rd4 46. g3 Ke7 47. Bd1 Kd6 48. Ke3 Kc5 49. Ke2 Kc4 50. Ke3 Rd3+ 51. Ke2 Kc3 0-1

[Event "Muensterland Verbandsklasse 1516"]
[Site "Germany"]
[Date "2015.11.07"]
[Round "2.5"]
[White "Huesmann, Stephan"]
[Black "Emming, Benedikt"]
[Result "0-1"]
[WhiteElo "1705"]
[BlackElo "1726"]
[PlyCount "78"]
[EventDate "2015.09.19"]
[EventType "team"]
[EventRounds "9"]
[EventCountry "GER"]
[SourceTitle "EXT 2017"]
[Source "ChessBase"]
[SourceDate "2016.10.25"]
[SourceVersion "1"]
[SourceVersionDate "2016.10.25"]
[SourceQuality "1"]
[WhiteTeam "Rheine Klein Berlin II"]
[BlackTeam "Suedlohn II"]
[WhiteTeamCountry "GER"]
[BlackTeamCountry "GER"]

1. e4 c5 2. Nc3 e6 3. f4 d5 4. e5 Ne7 5. Nf3 Nbc6 6. Be2 Nf5 7. 0-0 Be7 8. Qe1 0-0 9. Bd1 a6 10. Ne2 b5 11. c3 d4 12. Ng3 Nxg3 13. hxg3 d3 14. g4 c4 15. g5 Bc5+ 16. Kh1 Ne7 17. b3 Bb7 18. bxc4 bxc4 19. Kh2 Rb8 20. Rh1 Qb6 21. g4 Bf2 22. Qf1 Ng6 23. Ba3 Rfd8 24. f5 Bxf3 25. Bxf3 Nxe5 26. Qg2 Bh4 27. Be7 Nxf3+ 28. Qxf3 Qc7+ 29. Kh3 Qxe7 30. Kxh4 h6 31. fxe6 Qxg5+ 32. Kh3 fxe6 33. Qc6 Qxd2 34. Qxe6+ Kh8 35. Kg3 Re8 36. Qxc4 Qe3+ 37. Kh4 Qf2+ 38. Kh5 Re5+ 39. Kg6 Rg5# 0-1

[Event "Steinfurt Bezirksliga 1415"]
[Site "Germany"]
[Date "2015.01.31"]
[Round "6.3"]
[White "Huesmann, Stephan"]
[Black "Siebald, Joerg"]
[Result "0-1"]
[WhiteElo "1735"]
[BlackElo "1678"]
[PlyCount "106"]
[EventDate "2014.09.06"]
[EventType "team-tourn"]
[EventRounds "9"]
[EventCountry "GER"]
[SourceTitle "EXT 2016"]
[Source "ChessBase"]
[SourceDate "2015.10.08"]
[SourceVersion "1"]
[SourceVersionDate "2015.10.08"]
[SourceQuality "1"]
[WhiteTeam "Rheine Klein Berlin II"]
[BlackTeam "Emsdetten Rochade III"]
[WhiteTeamCountry "GER"]
[BlackTeamCountry "GER"]

1. e4 e6 2. d4 d5 3. Nd2 dxe4 4. Nxe4 Nd7 5. Nf3 Ngf6 6. Ng3 c5 7. Be3 Nd5 8. Qd3 Nxe3 9. fxe3 Be7 10. Be2 Nf6 11. 0-0-0 Qa5 12. Qb3 Qb4 13. Qd3 Bd7 14. a3 Qa5 15. Ne5 Rd8 16. Nxd7 Nxd7 17. Qb5 Qxb5 18. Bxb5 a6 19. Bxd7+ Rxd7 20. c3 Bg5 21. Rde1 cxd4 22. Kc2 dxc3 23. bxc3 Bh4 24. Rb1 Bxg3 25. hxg3 Ke7 26. Rb6 Kd8 27. Rhb1 Kc8 28. R1b4 Rhd8 29. Kb3 Rc7 30. Kc2 Rd5 31. g4 Rdc5 32. Rb3 Rc4 33. R6b4 b5 34. Rxc4 Rxc4 35. Rb4 Kc7 36. Kd3 Rxb4 37. cxb4 Kd6 38. Kd4 f6 39. Ke4 g6 40. Kd4 h6 41. Ke4 f5+ 42. gxf5 exf5+ 43. Kd4 h5 44. e4 fxe4 45. Kxe4 Ke6 46. Kf4 Kf6 47. Ke4 g5 48. Kd5 Kf5 49. Kc6 h4 50. Kb6 g4 51. Kxa6 h3 52. gxh3 gxh3 53. Kxb5 h2 0-1

[Event "Muensterland Verbandsklasse-B 1213"]
[Site "Germany"]
[Date "2013.02.23"]
[Round "6.3"]
[White "Huesmann, Stephan"]
[Black "Fischer, Andreas"]
[Result "0-1"]
[WhiteElo "1787"]
[BlackElo "1911"]
[PlyCount "40"]
[EventDate "2012.09.15"]
[EventType "team-tourn"]
[EventRounds "9"]
[EventCountry "GER"]
[SourceTitle "EXT 2015"]
[Source "ChessBase"]
[SourceDate "2014.11.20"]
[SourceVersion "1"]
[SourceVersionDate "2014.11.20"]
[SourceQuality "1"]
[WhiteTeam "Rheine Klein Berlin II"]
[BlackTeam "Saerbeck"]
[WhiteTeamCountry "GER"]
[BlackTeamCountry "GER"]

1. e4 e5 2. Bc4 Nc6 3. f4 Nf6 4. Nf3 Bc5 5. d3 d6 6. f5 Na5 7. Bg5 c6 8. Nbd2 Qb6 9. Bxf6 Bf2+ 10. Kf1 gxf6 11. Qe2 Bc5 12. Nb3 d5 13. exd5 Nxc4 14. dxc4 Bxf5 15. Nxe5 0-0-0 16. Nxf7 Rhe8 17. Qf3 Be4 18. Qh3+ Rd7 19. dxc6 Qxc6 20. Rd1 Bxg2+ 0-1

[Event "Steinfurt Bezirk-ch 1314"]
[Site "Rheine"]
[Date "2013.??.??"]
[Round "1"]
[White "Hemmert, Michael"]
[Black "Huesmann, Stephan"]
[Result "1-0"]
[WhiteElo "2032"]
[BlackElo "1763"]
[PlyCount "45"]
[EventDate "2013.??.??"]
[EventType "swiss"]
[EventRounds "6"]
[EventCountry "GER"]
[SourceTitle "EXT 2015"]
[Source "ChessBase"]
[SourceDate "2014.11.20"]
[SourceVersion "1"]
[SourceVersionDate "2014.11.20"]
[SourceQuality "1"]

1. d4 Nf6 2. Bf4 c5 3. e3 cxd4 4. exd4 Nd5 5. Be3 e6 6. c4 Nxe3 7. fxe3 Qh4+ 8. g3 Qe4 9. Qe2 Qxh1 10. Nf3 Bb4+ 11. Nc3 b6 12. 0-0-0 Bb7 13. Bg2 Qxd1+ 14. Kxd1 a6 15. Na4 b5 16. Nb6 Ra7 17. cxb5 axb5 18. Qxb5 Nc6 19. Nxd7 Kd8 20. a3 Bd6 21. Nc5 Kc7 22. Ne5 Nxe5 23. Nxb7 1-0

[Event "Muensterland Verbandsklasse-B 1112"]
[Site "Germany"]
[Date "2012.03.10"]
[Round "7.5"]
[White "Huesmann, Stephan"]
[Black "Woltering, Martin"]
[Result "1-0"]
[WhiteElo "1699"]
[BlackElo "1655"]
[PlyCount "61"]
[EventDate "2011.09.17"]
[EventType "team-tourn"]
[EventRounds "9"]
[EventCountry "GER"]
[SourceTitle "EXT 2013"]
[Source "ChessBase"]
[SourceDate "2012.11.22"]
[SourceVersion "1"]
[SourceVersionDate "2012.11.22"]
[SourceQuality "1"]
[WhiteTeam "Rheine Klein Berlin II"]
[BlackTeam "Ahaus Wessum"]
[WhiteTeamCountry "GER"]
[BlackTeamCountry "GER"]

1. e4 e6 2. d4 d5 3. Nd2 Nf6 4. e5 Nfd7 5. Bd3 c5 6. c3 Nc6 7. Ndf3 f6 8. exf6 Nxf6 9. Bf4 Bd6 10. Ne2 Bxf4 11. Nxf4 Qd6 12. g3 c4 13. Bc2 0-0 14. 0-0 e5 15. dxe5 Nxe5 16. Nxe5 Qxe5 17. Re1 Qd6 18. Qd4 g5 19. Ng2 Bh3 20. Re5 h6 21. Ne3 Rad8 22. Rd1 Be6 23. Nxc4 Qc6 24. Ne3 Rd7 25. Bb3 Ne4 26. Nxd5 Nxf2 27. Rxe6 Nh3+ 28. Kg2 Rf2+ 29. Qxf2 Qxe6 30. Nf6+ Kg7 31. Rxd7+ 1-0

[Event "Muensterland Verbandsklasse-B 0910"]
[Site "Germany"]
[Date "2010.02.20"]
[Round "7.8"]
[White "Huesmann, Stephan"]
[Black "Schlattmann, Martin"]
[Result "0-1"]
[WhiteElo "1650"]
[BlackElo "1735"]
[PlyCount "48"]
[EventDate "2009.09.19"]
[EventType "team-tourn"]
[EventRounds "9"]
[EventCountry "GER"]
[SourceTitle "EXT 2011"]
[Source "ChessBase"]
[SourceDate "2010.11.26"]
[SourceVersion "1"]
[SourceVersionDate "2010.11.26"]
[SourceQuality "1"]
[WhiteTeam "Rheine Klein Berlin II"]
[BlackTeam "Stadtlohn"]
[WhiteTeamCountry "GER"]
[BlackTeamCountry "GER"]

1. e4 e5 2. Bc4 Nc6 3. f4 Nf6 4. Nc3 d6 5. f5 d5 6. Nxd5 Nxd5 7. Bxd5 Nb4 8. Bxf7+ Kxf7 9. Nf3 Bd6 10. d3 Rf8 11. Be3 Kg8 12. Qd2 c5 13. g4 Qa5 14. a3 Nxc2+ 15. Ke2 Qxd2+ 16. Nxd2 Nxa1 17. Rxa1 b6 18. h4 Ba6 19. h5 Rad8 20. g5 Rd7 21. Nf3 Bc7 22. Rd1 Rfd8 23. Nd2 Bxd3+ 24. Kf3 Bc2 0-1

[Event "Steinfurt Bezirksliga 0809"]
[Site "Germany"]
[Date "2008.12.20"]
[Round "4.7"]
[White "Huesmann, Stephan"]
[Black "Nieland, Helmut"]
[Result "1-0"]
[WhiteElo "1607"]
[BlackElo "1179"]
[PlyCount "105"]
[EventDate "2008.09.27"]
[EventType "team-tourn"]
[EventRounds "9"]
[EventCountry "GER"]
[SourceTitle "EXT 2010"]
[Source "ChessBase"]
[SourceDate "2010.11.25"]
[SourceVersion "1"]
[SourceVersionDate "2010.11.25"]
[SourceQuality "1"]
[WhiteTeam "Rheine Klein Berlin II"]
[BlackTeam "Emsdetten Turm III"]
[WhiteTeamCountry "GER"]
[BlackTeamCountry "GER"]

1. e4 c5 2. Nf3 d6 3. d4 cxd4 4. Nxd4 Nf6 5. Nc3 a6 6. Be3 g6 7. f3 Bg7 8. Qd2 0-0 9. h4 Nbd7 10. h5 Nxh5 11. g4 Nhf6 12. Bh6 Ne5 13. Bxg7 Kxg7 14. Qh6+ Kh8 15. g5 Nh5 16. Rxh5 gxh5 17. 0-0-0 Rg8 18. Be2 Qf8 19. Qxh5 Qg7 20. f4 Ng6 21. Qh2 Bd7 22. Nf5 Bxf5 23. exf5 Nxf4 24. Qxf4 Qxg5 25. Qxg5 Rxg5 26. Rh1 Rag8 27. Rh4 Rg1+ 28. Kd2 R8g7 29. Rc4 b5 30. Rc6 R7g5 31. Nd5 Rxf5 32. Nxe7 Rf2 33. Rc8+ Kg7 34. Rg8+ Kf6 35. Rxg1 Kxe7 36. Rh1 d5 37. Rxh7 Ke6 38. Rh8 Ke5 39. Ra8 Rf6 40. a4 Rb6 41. axb5 axb5 42. Ra5 f5 43. Rxb5 Rf6 44. c4 f4 45. Rxd5+ Ke4 46. Bd3+ Kf3 47. Rg5 Rb6 48. Kc3 Kf2 49. c5 Rf6 50. Rf5 Rc6 51. Rxf4+ Ke3 52. Re4+ Kf3 53. b4 1-0